000 00725nam a2200229Ia 4500
003 OSt
005 20220926005947.0
006 a|||||r|||| 00| 0
007 ta
008 220923b |||||||| |||| 00| 0 eng d
037 _cGeneral Book
040 _aRTL
_cRTL
_beng
041 _2eng
_aeng
082 _aY:3(Q23).2, L2
100 _aLorenzen David N
245 0 _aKapalikas and Kalamukhas
_b Two lost saivite sects
260 _a New Delhi
_bThomson Press India
_c1972
300 _axiv, 214p
_ccm.
490 _aAustralian National University, Centre of Oriental Studies, Oriental Monograph Series. 12
942 _hY:3(Q23).2, L2
_cGB
_2CC
999 _c615916
_d615916